Skvalitnenie zverejňovania informácií týkajúcich sa výkazu o peňažných tokoch s účinnosťou od 1. 1. 2017

IASB vydala novelu k IAS 7 Výkaz o peňažných tokoch 29. januára 2016, aby boli lepšie vysvetlené informácie o finančných činnostiach účtovnej jednotky, ktoré sú obsahom výkazu o peňažných tokoch a tým sa celkovo zlepšila vypovedacia schopnosť informácií poskytovaných účtovnou jednotkou používateľom...

Description complète

Enregistré dans:
Détails bibliographiques
Auteur principal: Mokošová, Daša, 1979-
Format: Chapitre de livre
Langue:slovaque
Sujets:
Tags: Ajouter un tag
Pas de tags, Soyez le premier à ajouter un tag!

MARC

LEADER 00000nla a2200000 4500
001 0247568
005 20240502073949.4
041 0 |a slo 
044 |a SK 
245 1 0 |a Skvalitnenie zverejňovania informácií týkajúcich sa výkazu o peňažných tokoch s účinnosťou od 1. 1. 2017  |c Daša Mokošová 
520 |a IASB vydala novelu k IAS 7 Výkaz o peňažných tokoch 29. januára 2016, aby boli lepšie vysvetlené informácie o finančných činnostiach účtovnej jednotky, ktoré sú obsahom výkazu o peňažných tokoch a tým sa celkovo zlepšila vypovedacia schopnosť informácií poskytovaných účtovnou jednotkou používateľom účtovnej závierky. Aktuálne zmeny IAS 7 sa týkajú doplnenia odsekov 44A až 44E so súvisiacim podnadpisom „Zmeny záväzkov vyplývajúcich z finančných činností“. 
610 2 0 |a jednotka účtovná 
610 2 0 |a cash flow 
610 2 0 |a štandardy účtovné medzinárodné 
610 2 0 |a výkazy finančné 
610 2 0 |a účtovníctvo finančné 
610 2 0 |a harmonizácia 
610 2 0 |a informácie účtovné 
610 2 0 |a Európska únia 
100 1 |a Mokošová, Daša, 1979-